[Event "Junior Online 4NCL Division 1"]
[Site "online"]
[Date "2020.10.15"]
[Round "5.103"]
[White "Badacsonyi, Stanley"]
[Black "Chung, Joel"]
[Result "1/2-1/2"]
[WhiteElo "1450"]
[BlackElo "1561"]
[PlyCount "94"]
[EventDate "2020.10.15"]
[WhiteTeam "Muswell Hill Bishops"]
[BlackTeam "Young Dragons"]

1. d4 d5 2. Nc3 c6 3. e4 Qc7 4. exd5 Nf6 5. dxc6 Nxc6 6. Nf3 Bf5 7. Bb5 e6 8.
Be3 a6 9. Ba4 Bd6 10. O-O O-O 11. d5 exd5 12. Nxd5 Nxd5 13. Qxd5 Be6 14. Qd3
Rad8 15. Qe2 b5 16. Bb3 Ne5 17. Nxe5 Bxe5 18. Bxe6 fxe6 19. Bb6 Bxh2+ 20. Kh1
Qxb6 21. Kxh2 Qd6+ 22. g3 Rf6 23. Rad1 Qe7 24. Rxd8+ Qxd8 25. Rh1 Rh6+ 26. Kg2
Qd5+ 27. f3 Rxh1 28. Kxh1 Qxa2 29. b3 Qa1+ 30. Kg2 Qf6 31. c4 bxc4 32. Qxc4
Qb2+ 33. Kh3 Qf6 34. Qxa6 Qh6+ 35. Kg2 Qd2+ 36. Kf1 Qe3 37. Qc8+ Kf7 38. Qd7+
Kf6 39. Qd8+ Kg6 40. Qe8+ Kf6 41. Qf8+ Kg6 42. b4 Qd3+ 43. Kg2 Qd2+ 44. Kh3
Qh6+ 45. Kg2 Qd2+ 46. Kf1 Qd1+ 47. Kg2 Qd2+ 1/2-1/2

[Event "Junior Online 4NCL Division 1"]
[Site "online"]
[Date "2020.10.15"]
[Round "5.104"]
[White "Davies, Tom"]
[Black "Burnton, Joshua"]
[Result "0-1"]
[WhiteElo "1532"]
[BlackElo "1202"]
[PlyCount "48"]
[EventDate "2020.10.15"]
[WhiteTeam "Young Dragons"]
[BlackTeam "Muswell Hill Bishops"]

1. c4 Nf6 2. Nc3 b6 3. Nf3 Bb7 4. e4 Nxe4 5. Nxe4 Bxe4 6. Qe2 Bb7 7. d4 e6 8.
g3 Qf6 9. Bg2 Bb4+ 10. Bd2 Bxd2+ 11. Kxd2 Bxf3 12. Bxf3 Qxd4+ 13. Qd3 Qxf2+ 14.
Kc3 c6 15. Raf1 Qc5 16. b4 Qe5+ 17. Kb3 a5 18. Re1 Qc7 19. Bh5 axb4 20. Kxb4
Na6+ 21. Kc3 Nc5 22. Qf3 Ra3+ 23. Kb2 Rxf3 24. Bxf3 Nd3+ 0-1

[Event "Junior Online 4NCL Division 1"]
[Site "online"]
[Date "2020.10.15"]
[Round "5.105"]
[White "Wu, Yuxuan"]
[Black "Badacsonyi, Frankie"]
[Result "0-1"]
[WhiteElo "1652"]
[BlackElo "1660"]
[PlyCount "66"]
[EventDate "2020.10.15"]
[WhiteTeam "Young Dragons"]
[BlackTeam "Muswell Hill Bishops"]

1. d4 e6 2. c4 b6 3. Nc3 Bb4 4. Qb3 Bxc3+ 5. Qxc3 f5 6. Nf3 Nf6 7. e3 Bb7 8.
Bd3 O-O 9. Bd2 Be4 10. h4 Bxd3 11. Qxd3 Ne4 12. Ne5 d6 13. f3 Nxd2 14. Qxd2
dxe5 15. g4 exd4 16. O-O-O Nc6 17. gxf5 exf5 18. Qg2 Qf6 19. Rhg1 Rad8 20. e4
fxe4 21. fxe4 Rf7 22. Rdf1 Qe7 23. Rf5 Rxf5 24. exf5 Na5 25. h5 h6 26. Qg6 Nxc4
27. f6 Qf8 28. Qxh6 Rd7 29. Qg6 d3 30. h6 d2+ 31. Kc2 Ne3+ 32. Kb3 Qf7+ 33.
Qxf7+ Rxf7 0-1

[Event "Junior Online 4NCL Division 1"]
[Site "online"]
[Date "2020.10.15"]
[Round "5.106"]
[White "Bird, Max"]
[Black "Chung, Daniel"]
[Result "1/2-1/2"]
[WhiteElo "1675"]
[BlackElo "1562"]
[PlyCount "63"]
[EventDate "2020.10.15"]
[WhiteTeam "Muswell Hill Bishops"]
[BlackTeam "Young Dragons"]

1. c4 d6 2. d4 e6 3. Nc3 Nf6 4. g3 Nbd7 5. Bg2 Rb8 6. e3 b6 7. Nge2 Be7 8. O-O
O-O 9. Bd2 Bb7 10. Qc2 c5 11. Rfd1 Qc7 12. Nb5 Qd8 13. Nf4 Bxg2 14. Kxg2 e5 15.
dxe5 dxe5 16. Ne2 a6 17. Nbc3 Qc7 18. Be1 Qc6+ 19. Nd5 Rfd8 20. e4 Nxd5 21.
cxd5 Qb7 22. Nc3 Nf6 23. Bd2 Bd6 24. Bg5 Qe7 25. Bxf6 Qxf6 26. Qe2 b5 27. a3
Rb6 28. Rac1 Qg6 29. Qf3 h5 30. Ne2 h4 31. b3 f6 32. Rd3 1/2-1/2

[Event "Junior Online 4NCL Division 1"]
[Site "online"]
[Date "2020.10.15"]
[Round "5.107"]
[White "Chung, Joel"]
[Black "Badacsonyi, Stanley"]
[Result "1-0"]
[WhiteElo "1561"]
[BlackElo "1450"]
[PlyCount "133"]
[EventDate "2020.10.15"]
[WhiteTeam "Young Dragons"]
[BlackTeam "Muswell Hill Bishops"]

1. e4 d5 2. exd5 Qxd5 3. Nc3 Qa5 4. Bc4 Nf6 5. Nf3 Bg4 6. h3 Bh5 7. d3 c6 8.
Bd2 e6 9. Nd5 Qd8 10. Nf4 Bxf3 11. Qxf3 Nbd7 12. Nh5 Nxh5 13. Qxh5 Nf6 14. Qf3
Bd6 15. O-O-O Qc7 16. Bc3 Be5 17. Bxe5 Qxe5 18. Rhe1 Qc7 19. g4 O-O-O 20. g5
Nd5 21. h4 Qf4+ 22. Qxf4 Nxf4 23. Re4 Nd5 24. Bxd5 cxd5 25. Rb4 Rd6 26. d4 Rc6
27. Rd3 f6 28. f4 Re8 29. Rbb3 e5 30. dxe5 fxe5 31. fxe5 Rxe5 32. Rbc3 g6 33.
Rxc6+ bxc6 34. Rd4 Re4 35. Rxe4 dxe4 36. Kd2 Kd7 37. Ke3 Ke6 38. Kxe4 a6 39. b4
Kd6 40. Kd4 Kd7 41. c4 Kd6 42. c5+ Ke6 43. Ke4 Kd7 44. Ke5 Ke7 45. a4 h5 46. a5
Kd7 47. Kf6 Ke8 48. Kxg6 Kf8 49. Kxh5 Kg7 50. Kg4 Kg6 51. h5+ Kg7 52. g6 Kh6
53. Kf5 Kg7 54. Ke6 Kh6 55. Kd6 Kg7 56. Kxc6 Kh6 57. Kb6 Kg7 58. Kxa6 Kh6 59.
c6 Kg7 60. c7 Kh6 61. c8=Q Kg7 62. Qe8 Kh6 63. Qf7 Kg5 64. h6 Kxh6 65. g7 Kg5
66. g8=Q+ Kh4 67. Qfh7# 1-0

[Event "Junior Online 4NCL Division 1"]
[Site "online"]
[Date "2020.10.15"]
[Round "5.108"]
[White "Burnton, Joshua"]
[Black "Davies, Tom"]
[Result "0-1"]
[WhiteElo "1202"]
[BlackElo "1532"]
[PlyCount "88"]
[EventDate "2020.10.15"]
[WhiteTeam "Muswell Hill Bishops"]
[BlackTeam "Young Dragons"]

1. e4 d5 2. exd5 Qxd5 3. Nc3 Qa5 4. b4 Qxb4 5. Nb5 Qe4+ 6. Be2 Na6 7. Nf3 c6 8.
Nc3 Qg6 9. Bxa6 bxa6 10. d3 Nf6 11. Nh4 Qh5 12. Qxh5 Nxh5 13. O-O Bb7 14. Ne4
O-O-O 15. Rb1 h6 16. Nc5 Ba8 17. g4 Nf6 18. Bf4 e5 19. Bxe5 Bxc5 20. Nf5 Nxg4
21. d4 Nxe5 22. dxc5 Nc4 23. Rfe1 g6 24. Ne7+ Kc7 25. Rbd1 Rxd1 26. Rxd1 Rd8
27. Re1 Kd7 28. Nxg6 fxg6 29. Re4 Na5 30. Rh4 h5 31. Rf4 Ke6 32. c3 Ke5 33. Rf3
Ke4 34. Re3+ Kf4 35. Re7 Kf3 36. Rf7+ Kg4 37. Rxa7 Kh3 38. f4 Kg4 39. Rxa6 Kf3
40. h4 Nc4 41. Ra4 Rd1+ 42. Kh2 Ne3 43. c4 Ng4+ 44. Kh3 Rh1# 0-1

[Event "Junior Online 4NCL Division 1"]
[Site "online"]
[Date "2020.10.15"]
[Round "5.111"]
[White "He, Tom Junde"]
[Black "Ther, Mate"]
[Result "0-1"]
[WhiteElo "1465"]
[BlackElo "2072"]
[PlyCount "144"]
[EventDate "2020.10.15"]
[WhiteTeam "Warwickshire Bears B"]
[BlackTeam "Hull and Friends 1"]

1. e4 e5 2. Nf3 Nc6 3. Bc4 Bc5 4. c3 Nf6 5. d4 exd4 6. cxd4 Bb4+ 7. Bd2 Nxe4 8.
Bxb4 Nxb4 9. Bxf7+ Kxf7 10. Qb3+ d5 11. Qxb4 Qe7 12. Ne5+ Ke8 13. Qxe7+ Kxe7
14. O-O Rf8 15. Nc3 Nxc3 16. bxc3 Bf5 17. Rae1 Kd6 18. Re3 Rae8 19. Nf7+ Kd7
20. Ne5+ Kc8 21. f3 c6 22. Rfe1 Bd7 23. Kf2 g6 24. g4 Kc7 25. Rb1 b6 26. Rb3
Rf4 27. Nxd7 Kxd7 28. Rxe8 Kxe8 29. Ra3 a5 30. Rb3 b5 31. a4 b4 32. cxb4 Rxd4
33. bxa5 Rxa4 34. Rb8+ Ke7 35. Rb7+ Kd6 36. Rxh7 Rxa5 37. Rh6 Ke5 38. Rxg6 Ra2+
39. Kg3 c5 40. f4+ Ke4 41. f5 d4 42. f6 Ra7 43. Rg7 Ra3+ 44. Kg2 Ra2+ 45. Kg3
Ra3+ 46. Kh4 Rf3 47. Kg5 d3 48. Rd7 c4 49. Re7+ Kd5 50. Rc7 Kd4 51. h4 c3 52.
Rd7+ Kc4 53. Rc7+ Kb3 54. Rb7+ Kc2 55. h5 d2 56. h6 d1=Q 57. h7 Qd5+ 58. Kg6
Qe4+ 59. Kg5 Rh3 60. f7 Qxb7 61. f8=Q Qd5+ 62. Kg6 Qd3+ 63. Kg5 Rxh7 64. Qf2+
Qd2+ 65. Qxd2+ cxd2 66. Kg6 d1=Q 67. Kxh7 Qxg4 68. Kh8 Kd3 69. Kh7 Kd4 70. Kh8
Ke5 71. Kh7 Kf6 72. Kh8 Qg7# 0-1

[Event "Junior Online 4NCL Division 1"]
[Site "online"]
[Date "2020.10.15"]
[Round "5.112"]
[White "Clarke, Connor"]
[Black "Johal, Amrissa Kaur"]
[Result "1-0"]
[WhiteElo "2050"]
[BlackElo "1472"]
[PlyCount "67"]
[EventDate "2020.10.15"]
[WhiteTeam "Hull and Friends 1"]
[BlackTeam "Warwickshire Bears B"]

1. e4 e5 2. Bc4 Nc6 3. Nc3 Nf6 4. d3 h6 5. Nf3 Bb4 6. O-O Bxc3 7. bxc3 d6 8.
Qe2 Qe7 9. Re1 Be6 10. Bxe6 Qxe6 11. d4 Qe7 12. Ba3 O-O 13. Qb5 Rab8 14. dxe5
Ng4 15. exd6 cxd6 16. h3 Nge5 17. Nxe5 Nxe5 18. f4 Nc6 19. e5 Rfd8 20. Rad1 Qh4
21. Bxd6 Rbc8 22. Rf1 b6 23. Qd5 Re8 24. Qf3 Rcd8 25. Qf2 Qxf2+ 26. Kxf2 Ne7
27. Bxe7 Rxd1 28. Rxd1 Rxe7 29. Ke3 Kh7 30. Ke4 Kg6 31. Rd6+ Kh5 32. c4 Kh4 33.
Kf3 g5 34. Rxh6# 1-0

[Event "Junior Online 4NCL Division 1"]
[Site "online"]
[Date "2020.10.15"]
[Round "5.113"]
[White "Nasibova, Margarita"]
[Black "Parkhouse, Max"]
[Result "0-1"]
[WhiteElo "1457"]
[BlackElo "1862"]
[PlyCount "54"]
[EventDate "2020.10.15"]
[WhiteTeam "Warwickshire Bears B"]
[BlackTeam "Hull and Friends 1"]

1. c4 e6 2. Nc3 d5 3. cxd5 exd5 4. g3 c6 5. Bg2 Nf6 6. d3 Bd6 7. e4 dxe4 8.
dxe4 O-O 9. Nge2 Re8 10. O-O b6 11. f4 Bc5+ 12. Kh1 Bb7 13. e5 Nd5 14. Nxd5
cxd5 15. Nc3 Ba6 16. Re1 Bf2 17. Bxd5 Bxe1 18. Qxe1 Nd7 19. Bxa8 Qxa8+ 20. Kg1
Nc5 21. Be3 Nd3 22. Qd2 Rd8 23. Qc2 Qf3 24. Qe2 Qxe2 25. Nxe2 Nxb2 26. Rb1 Nd1
27. Bd4 Bxe2 0-1

[Event "Junior Online 4NCL Division 1"]
[Site "online"]
[Date "2020.10.15"]
[Round "5.114"]
[White "Rich, Aaron"]
[Black "Xia, Weiquan"]
[Result "0-1"]
[WhiteElo "1615"]
[BlackElo "1465"]
[PlyCount "124"]
[EventDate "2020.10.15"]
[WhiteTeam "Hull and Friends 1"]
[BlackTeam "Warwickshire Bears B"]

1. b3 d5 2. Bb2 Bf5 3. e3 Nc6 4. Bb5 Nf6 5. Nf3 a6 6. Bxc6+ bxc6 7. Ne5 c5 8.
O-O e6 9. c4 d4 10. exd4 cxd4 11. Nc6 Qd6 12. Nxd4 Qd7 13. Re1 Bg6 14. Nf3 Bd6
15. Ne5 Bxe5 16. Rxe5 O-O 17. Nc3 Rad8 18. Bc1 Qd4 19. Re1 Bh5 20. Qc2 Bg6 21.
Qb2 Ng4 22. Rf1 Qe5 23. g3 Bd3 24. Na4 Qxb2 25. Bxb2 Bxf1 26. Kxf1 Rxd2 27. Bc3
Rdd8 28. Kg2 Rb8 29. h3 Nf6 30. Re1 Rfd8 31. Re5 h6 32. Nc5 Rb6 33. Ba5 Rc6 34.
b4 Rc8 35. b5 axb5 36. cxb5 Rd6 37. Nb7 Rd5 38. Re2 Rxb5 39. Bc3 Rxb7 40. Rd2
Ne4 41. Rd3 Nxc3 42. Rxc3 Rb2 43. a4 Ra2 44. Rc4 Ra8 45. Rb4 R2xa4 46. Rb7 c5
47. Rc7 c4 48. Kf1 Rb8 49. Ke2 Rb3 50. Rc8+ Kh7 51. Rc7 Kg6 52. h4 h5 53. Kf1
c3 54. Rc5 Ra2 55. Rg5+ Kh6 56. Rxh5+ Kxh5 57. Kg2 c2 58. Kh3 c1=Q 59. Kg2
Rxf2+ 60. Kxf2 Rb2+ 61. Kf3 Qc3+ 62. Ke4 Rb4# 0-1

[Event "Junior Online 4NCL Division 1"]
[Site "online"]
[Date "2020.10.15"]
[Round "5.115"]
[White "Ther, Mate"]
[Black "He, Tom Junde"]
[Result "1-0"]
[WhiteElo "2072"]
[BlackElo "1465"]
[PlyCount "137"]
[EventDate "2020.10.15"]
[WhiteTeam "Hull and Friends 1"]
[BlackTeam "Warwickshire Bears B"]

1. e4 e5 2. Nf3 Nc6 3. Bb5 a6 4. Ba4 Nf6 5. O-O Bd6 6. c3 O-O 7. Re1 b5 8. Bc2
Re8 9. d4 exd4 10. cxd4 Bb7 11. e5 Nxd4 12. Qxd4 Bxf3 13. gxf3 Qe7 14. f4 Bc5
15. Qd3 g6 16. Be3 Bb4 17. exf6 Qxf6 18. Rf1 Qxb2 19. Bd4 Qxa1 20. Bxa1 d6 21.
Qd4 Kf8 22. Qxb4 c5 23. Qc3 Ke7 24. Qf6+ Kd7 25. Nc3 Re7 26. Nd5 Rae8 27. Qxe7+
Rxe7 28. Nxe7 Kxe7 29. Bd3 c4 30. Bxc4 bxc4 31. Rc1 d5 32. Bd4 f5 33. Kf1 Kd6
34. Be5+ Kc5 35. Ke2 h5 36. Ke3 a5 37. Bd4+ Kb4 38. Rc3 Kb5 39. Ba7 a4 40. Kd4
Kc6 41. Bb8 Kb7 42. Kxd5 Kxb8 43. Rxc4 a3 44. Ra4 Kc7 45. Rxa3 Kb6 46. Ra6+
Kxa6 47. Ke6 Kb5 48. Kf6 Ka4 49. Kxg6 Ka3 50. Kxf5 Kxa2 51. Kg5 Kb3 52. Kxh5
Kc4 53. f5 Kd5 54. f4 Kd6 55. Kg6 Ke7 56. Kg7 Ke8 57. f6 Kd7 58. f5 Kd6 59. h4
Ke5 60. h5 Kxf5 61. f7 Kg5 62. f8=Q Kxh5 63. Qf2 Kg5 64. Kf7 Kg4 65. Kf6 Kh3
66. Qg1 Kh4 67. Kf5 Kh3 68. Kf4 Kh4 69. Qh1# 1-0

[Event "Junior Online 4NCL Division 1"]
[Site "online"]
[Date "2020.10.15"]
[Round "5.116"]
[White "Johal, Amrissa Kaur"]
[Black "Clarke, Connor"]
[Result "0-1"]
[WhiteElo "1472"]
[BlackElo "2050"]
[PlyCount "68"]
[EventDate "2020.10.15"]
[WhiteTeam "Warwickshire Bears B"]
[BlackTeam "Hull and Friends 1"]

1. d4 Nf6 2. Nc3 d5 3. Bg5 Nbd7 4. Nf3 h6 5. Bxf6 Nxf6 6. e3 Bf5 7. Bd3 Bxd3 8.
Qxd3 e6 9. Qd1 c5 10. Qe2 cxd4 11. exd4 Be7 12. Qb5+ Qd7 13. O-O O-O 14. Ne5
Qxb5 15. Nxb5 a6 16. Nc3 Rac8 17. a3 Bd6 18. h3 Bxe5 19. dxe5 Nd7 20. Rfe1 d4
21. Red1 dxc3 22. Rxd7 cxb2 23. Rb1 Rxc2 24. Rxb7 Rc1+ 25. Kh2 Rxb1 26. Rb3 Rc8
27. Kg3 Rc2 28. Kh4 Re1 29. g4 b1=Q 30. Rxb1 Rxb1 31. f4 Rb3 32. a4 Rcc3 33. g5
Rxh3+ 34. Kg4 h5# 0-1

[Event "Junior Online 4NCL Division 1"]
[Site "online"]
[Date "2020.10.15"]
[Round "5.117"]
[White "Parkhouse, Max"]
[Black "Nasibova, Margarita"]
[Result "1-0"]
[WhiteElo "1862"]
[BlackElo "1457"]
[PlyCount "45"]
[EventDate "2020.10.15"]
[WhiteTeam "Hull and Friends 1"]
[BlackTeam "Warwickshire Bears B"]

1. d4 Nf6 2. Bf4 g6 3. Nc3 Bg7 4. e4 d6 5. Qd2 O-O 6. O-O-O Nbd7 7. Nf3 Re8 8.
h4 e5 9. dxe5 dxe5 10. Nxe5 Qe7 11. Nxd7 Bxd7 12. f3 Bc6 13. Bc4 Rad8 14. Qe3
a6 15. g4 b5 16. Bb3 a5 17. Rhe1 a4 18. Nd5 Bxd5 19. Bxd5 Nxd5 20. Rxd5 c6 21.
Rxd8 Rxd8 22. Bg5 Qb4 23. c3 1-0

[Event "Junior Online 4NCL Division 1"]
[Site "online"]
[Date "2020.10.15"]
[Round "5.118"]
[White "Xia, Weiquan"]
[Black "Rich, Aaron"]
[Result "0-1"]
[WhiteElo "1465"]
[BlackElo "1615"]
[PlyCount "118"]
[EventDate "2020.10.15"]
[WhiteTeam "Warwickshire Bears B"]
[BlackTeam "Hull and Friends 1"]

1. d4 b6 2. Bf4 Bb7 3. e3 e6 4. Nd2 Nf6 5. c3 Be7 6. Ngf3 Ne4 7. Nxe4 Bxe4 8.
Bd3 f5 9. Bxe4 fxe4 10. Nd2 d5 11. c4 O-O 12. cxd5 exd5 13. Qb3 c6 14. O-O Kh8
15. f3 exf3 16. Nxf3 Nd7 17. Ne5 Nxe5 18. Bxe5 Bg5 19. Rxf8+ Qxf8 20. Rf1 Qe7
21. Rf3 Rf8 22. Qd1 h6 23. Qc1 Rxf3 24. gxf3 Bh4 25. Qxc6 Qg5+ 26. Kf1 Qxe3 27.
Qc2 Qxf3+ 28. Kg1 Qg4+ 29. Qg2 Qxg2+ 30. Kxg2 Bg5 31. b3 Kg8 32. Kf3 Kf7 33.
Kg4 Bf6 34. Bxf6 Kxf6 35. a4 g6 36. h4 a5 37. Kf4 g5+ 38. hxg5+ hxg5+ 39. Kg4
Kg6 40. Kf3 Kf5 41. Kg3 Ke4 42. Kg4 Kxd4 43. Kxg5 Kc3 44. Kf4 d4 45. Ke4 d3 46.
Ke3 Kc2 47. Kd4 d2 48. Kc4 d1=Q 49. Kb5 Qd6 50. Ka6 Kxb3 51. Ka7 Kxa4 52. Ka6
b5+ 53. Ka7 Qc7+ 54. Ka6 Qc6+ 55. Ka7 b4 56. Kb8 Kb5 57. Ka7 Qd7+ 58. Ka8 Kb6
59. Kb8 Qb7# 0-1

[Event "Junior Online 4NCL Division 1"]
[Site "online"]
[Date "2020.10.15"]
[Round "5.121"]
[White "Damodaran, Patrick"]
[Black "Amoako Philip Selikem Yao"]
[Result "1/2-1/2"]
[WhiteElo "1772"]
[BlackElo "1577"]
[PlyCount "130"]
[EventDate "2020.10.15"]
[WhiteTeam "4 Gems"]
[BlackTeam "Ojays C"]

1. c4 e5 2. Nc3 Nf6 3. g3 d5 4. cxd5 Nxd5 5. Bg2 Nb6 6. d3 Be7 7. Bd2 Nc6 8.
Rc1 Bd7 9. Nf3 O-O 10. O-O Re8 11. e4 Be6 12. Be3 Qd7 13. d4 exd4 14. Nxd4 Nxd4
15. Bxd4 Rad8 16. Be3 Qc8 17. Qc2 c6 18. f4 Bh3 19. Qf2 Bxg2 20. Kxg2 Qc7 21.
Nb5 Qd7 22. Nxa7 Nc8 23. Nxc8 Qxc8 24. Rfd1 Qa8 25. b3 Ba3 26. Rxd8 Qxd8 27.
Rc2 Rxe4 28. Bb6 Qf8 29. Rd2 h6 30. Qf3 Re8 31. Rd7 Re7 32. Rd4 Bb2 33. Ra4 Re8
34. Qf2 Bf6 35. Ra7 Rb8 36. Bc7 Ra8 37. Rxb7 Qa3 38. Rb8+ Rxb8 39. Bxb8 Qb2 40.
Qxb2 Bxb2 41. Kf3 Kf8 42. Bd6+ Ke8 43. Be5 Ba3 44. Bxg7 h5 45. h4 f5 46. Bc3 c5
47. Ke3 Ke7 48. Kd2 Kd6 49. Be5+ Kd5 50. Kd3 Bb4 51. Bc3 Ba3 52. Ba1 Bb4 53.
Ke3 c4 54. bxc4+ Kxc4 55. a4 Be1 56. Kf3 Kb4 57. Bd4 Kxa4 58. Bf2 Bc3 59. Ke2
Kb5 60. Kd3 Bf6 61. Bd4 Be7 62. Bb2 Bc5 63. Bd4 Be7 64. Be3 Bf6 65. Bd4 Be7
1/2-1/2

[Event "Junior Online 4NCL Division 1"]
[Site "online"]
[Date "2020.10.15"]
[Round "5.122"]
[White "Parnes, Shira"]
[Black "Whelan, Joseph"]
[Result "0-1"]
[WhiteElo "1570"]
[BlackElo "1645"]
[PlyCount "160"]
[EventDate "2020.10.15"]
[WhiteTeam "Ojays C"]
[BlackTeam "4 Gems"]

1. e4 e5 2. Nf3 Nc6 3. Bc4 d6 4. h3 h6 5. Nc3 Nf6 6. O-O Be7 7. d3 O-O 8. Be3
Bd7 9. Qd2 Na5 10. Bb3 Nxb3 11. axb3 Be6 12. Ne2 Qd7 13. Ng3 Bxh3 14. gxh3 Qxh3
15. Nh2 Ng4 16. Nxg4 Qxg4 17. Kh2 Qh4+ 18. Kg2 Qg4 19. Rh1 Bh4 20. Bxh6 f5 21.
Rxh4 Qxh4 22. Nxf5 Qg4+ 23. Kf1 Qh3+ 24. Ke2 Rxf5 25. exf5 Qh5+ 26. f3 Qh2+ 27.
Ke3 Qxh6+ 28. Ke2 Qh2+ 29. Ke3 Qf4+ 30. Ke2 Qxf5 31. Qe3 b6 32. Rg1 Rf8 33. Qf2
Rf7 34. Rf1 Qf4 35. Ra1 c5 36. Ra4 Qf6 37. Rh4 Qg5 38. Qh2 Kf8 39. Qh3 Rf4 40.
Rh8+ Kf7 41. Qd7+ Qe7 42. Qh3 Rf6 43. Qh7 Ke6 44. Qg8+ Qf7 45. Qc8+ Kd5 46.
Qa8+ Ke6 47. Re8+ Kf5 48. Qc8+ Kg6 49. Qg4+ Kh7 50. Ra8 Rg6 51. Qc8 Rg2+ 52.
Ke1 Qxf3 53. Qg8+ Kg6 54. Qe8+ Qf7 55. Qxf7+ Kxf7 56. Rxa7+ Ke6 57. Ra6 Rxc2
58. Rxb6 Rxb2 59. Kd1 g5 60. Ke1 g4 61. Kf1 g3 62. Kg1 Rd2 63. b4 cxb4 64. Rxb4
Rxd3 65. Rg4 Kd5 66. Kg2 e4 67. Rxg3 Rxg3+ 68. Kxg3 Kd4 69. Kf2 Kd3 70. Ke1 Ke3
71. Kd1 Kf2 72. Kd2 e3+ 73. Kd3 e2 74. Kd2 e1=Q+ 75. Kc2 Qe3 76. Kb1 Qd3+ 77.
Kb2 Ke2 78. Ka1 Kd2 79. Ka2 Kc2 80. Ka1 Qa3# 0-1

[Event "Junior Online 4NCL Division 1"]
[Site "online"]
[Date "2020.10.15"]
[Round "5.123"]
[White "Gogia, Abeer"]
[Black "Domingo, Marco"]
[Result "1-0"]
[WhiteElo "1547"]
[BlackElo "1547"]
[PlyCount "65"]
[EventDate "2020.10.15"]
[WhiteTeam "4 Gems"]
[BlackTeam "Ojays C"]

1. e4 e5 2. Nf3 Nc6 3. d4 exd4 4. Nxd4 Nxd4 5. Qxd4 Qh4 6. Nc3 Nf6 7. h3 Be7 8.
Bc4 b6 9. O-O O-O 10. Qd3 d6 11. Re1 Bb7 12. Bd5 Nxd5 13. Nxd5 Bxd5 14. exd5
Qf6 15. Rb1 Rfd8 16. Bd2 Rac8 17. Bc3 Qg6 18. Qxg6 fxg6 19. Rxe7 Re8 20. Rxg7+
Kf8 21. Rxh7 Kg8 22. Rg7+ Kf8 23. Rxg6 Re7 24. Rf6+ Kg8 25. Re6 Rf7 26. Rbe1
Rff8 27. Re7 Rfd8 28. R1e6 Kf8 29. Kh2 Kg8 30. Rh6 Kf8 31. Rhh7 c6 32. Rxa7
cxd5 33. Rh8# 1-0

[Event "Junior Online 4NCL Division 1"]
[Site "online"]
[Date "2020.10.15"]
[Round "5.125"]
[White "Amoako Philip Selikem Yao"]
[Black "Damodaran, Patrick"]
[Result "0-1"]
[WhiteElo "1577"]
[BlackElo "1772"]
[PlyCount "88"]
[EventDate "2020.10.15"]
[WhiteTeam "Ojays C"]
[BlackTeam "4 Gems"]

1. e4 g6 2. d4 Bg7 3. Nc3 c5 4. Nf3 Nc6 5. Be3 cxd4 6. Nxd4 d6 7. Qd2 Bd7 8. f3
e5 9. Ndb5 Bf8 10. Nxd6+ Bxd6 11. Qxd6 h6 12. O-O-O Nge7 13. Qf6 Rh7 14. Bc4
Rc8 15. Bb3 Qa5 16. Qd6 Be6 17. Bxe6 fxe6 18. Qxe6 Nb4 19. Qd7+ Kf7 20. a3 Rxc3
21. axb4 Qa1+ 22. Kd2 Qxb2 23. Rc1 Qxb4 24. Ke2 Qc4+ 25. Kd2 Qb4 26. Ke2 Qa3
27. Qd2 Nc6 28. Ra1 Qb4 29. Qd5+ Kf6 30. Bd2 Rxc2 31. Qd3 Nd4+ 32. Ke3 Qb3 33.
Rxa7 Qb6 34. Raa1 Nb3+ 35. Ke2 Rxd2+ 36. Qxd2 Nxd2 37. Kxd2 Qf2+ 38. Kd3 Qxg2
39. Rhb1 Qxf3+ 40. Kc2 Qxe4+ 41. Kd2 Rd7+ 42. Kc3 Rd3+ 43. Kb2 Qe2+ 44. Kc1
Qd2# 0-1

[Event "Junior Online 4NCL Division 1"]
[Site "online"]
[Date "2020.10.15"]
[Round "5.126"]
[White "Whelan, Joseph"]
[Black "Parnes, Shira"]
[Result "1-0"]
[WhiteElo "1645"]
[BlackElo "1570"]
[PlyCount "47"]
[EventDate "2020.10.15"]
[WhiteTeam "4 Gems"]
[BlackTeam "Ojays C"]

1. e4 e5 2. Nf3 Nc6 3. Bc4 Bc5 4. c3 Nf6 5. d4 exd4 6. cxd4 Bb4+ 7. Nc3 Nxe4 8.
O-O Nxc3 9. bxc3 Bxc3 10. Ba3 d6 11. Bxf7+ Kf8 12. Rc1 Ba5 13. Bd5 Ne7 14. Bb3
d5 15. Qe2 c6 16. Ng5 g6 17. Qe5 Rg8 18. Nxh7+ Kf7 19. Ng5+ Kf8 20. Qf6+ Ke8
21. Rfe1 Bxe1 22. Rxe1 Rf8 23. Rxe7+ Qxe7 24. Qxe7# 1-0

[Event "Junior Online 4NCL Division 1"]
[Site "online"]
[Date "2020.10.15"]
[Round "5.127"]
[White "Domingo, Marco"]
[Black "Gogia, Abeer"]
[Result "1/2-1/2"]
[WhiteElo "1547"]
[BlackElo "1547"]
[PlyCount "69"]
[EventDate "2020.10.15"]
[WhiteTeam "Ojays C"]
[BlackTeam "4 Gems"]

1. e4 c5 2. Nf3 d6 3. d4 cxd4 4. Nxd4 Nf6 5. Nc3 a6 6. Be3 e6 7. f3 Bd7 8. Qd2
Nc6 9. O-O-O Be7 10. g4 Nxd4 11. Bxd4 e5 12. Be3 h6 13. h4 Rc8 14. Be2 b5 15.
g5 hxg5 16. hxg5 Nh7 17. g6 fxg6 18. Rdg1 Kf7 19. f4 Nf6 20. Rxh8 Qxh8 21. fxe5
dxe5 22. Bg5 Be6 23. Bxf6 gxf6 24. Bd3 Rd8 25. Qg2 Qh6+ 26. Kb1 g5 27. Rh1 Qg6
28. Be2 Qg7 29. Bh5+ Kf8 30. Be2 Bf7 31. Qf2 Bg6 32. Bd3 Kf7 33. Rf1 Rd6 34.
Nd5 Bh5 35. Nc7 1/2-1/2

[Event "Junior Online 4NCL Division 1"]
[Site "online"]
[Date "2020.10.15"]
[Round "5.131"]
[White "Buanne, Luca"]
[Black "Parry, Samuel"]
[Result "0-1"]
[WhiteElo "1960"]
[BlackElo "1907"]
[PlyCount "52"]
[EventDate "2020.10.15"]
[WhiteTeam "KCJS 1"]
[BlackTeam "Manchester Juniors A"]

1. e4 c5 2. Nf3 d6 3. d4 cxd4 4. Nxd4 Nf6 5. Nc3 g6 6. Be3 Bg7 7. f3 O-O 8. Qd2
Nc6 9. g4 Be6 10. Nxe6 fxe6 11. O-O-O Ne5 12. Be2 Rc8 13. h4 Qa5 14. Kb1 Nc4
15. Bxc4 Rxc4 16. Nd5 Qxd2 17. Nxf6+ Rxf6 18. Rxd2 Rxf3 19. Bxa7 Rb4 20. b3
Rxe4 21. g5 Rxh4 22. Rhd1 Bc3 23. Re2 e5 24. Bb6 Rhf4 25. a4 Rf1 26. Rc1 Rxc1+
0-1

[Event "Junior Online 4NCL Division 1"]
[Site "online"]
[Date "2020.10.15"]
[Round "5.132"]
[White "Jackson, Edward"]
[Black "Kumar, Sanjit S"]
[Result "1-0"]
[WhiteElo "1810"]
[BlackElo "1825"]
[PlyCount "97"]
[EventDate "2020.10.15"]
[WhiteTeam "Manchester Juniors A"]
[BlackTeam "KCJS 1"]

1. e4 e5 2. Nc3 Nc6 3. Bc4 Bc5 4. Qg4 g6 5. Qg3 d6 6. d3 Nge7 7. Nf3 O-O 8. h4
Be6 9. Bh6 Re8 10. Bg5 Bxc4 11. dxc4 Qd7 12. h5 Nd4 13. Qh4 Nxf3+ 14. gxf3 Nc6
15. Nd5 Re6 16. hxg6 fxg6 17. Nf6+ Rxf6 18. Bxf6 Nd4 19. O-O-O Rf8 20. Rdg1
Nxf3 21. Rxg6+ hxg6 22. Qh8+ Kf7 23. Rh7+ Ke8 24. Qxf8+ Kxf8 25. Rxd7 Bb6 26.
Rh7 Kg8 27. Rh3 Ng1 28. Rh1 Ne2+ 29. Kd2 Nf4 30. Bg5 Ne6 31. Be3 Bxe3+ 32. Kxe3
Kg7 33. b4 c6 34. c3 a6 35. a4 b6 36. Rd1 Nf4 37. Rxd6 Ng2+ 38. Kd2 Nf4 39.
Rxc6 b5 40. cxb5 axb5 41. axb5 Kf7 42. b6 Ne6 43. b7 Nd8 44. Rc7+ Ke8 45. b8=Q
g5 46. Rh7 g4 47. Qxe5+ Kf8 48. Qe7+ Kg8 49. Qg7# 1-0

[Event "Junior Online 4NCL Division 1"]
[Site "online"]
[Date "2020.10.15"]
[Round "5.133"]
[White "Hill-Wood, T Wilfred D"]
[Black "Gardiner, Ethan"]
[Result "0-1"]
[WhiteElo "1637"]
[BlackElo "1840"]
[PlyCount "34"]
[EventDate "2020.10.15"]
[WhiteTeam "KCJS 1"]
[BlackTeam "Manchester Juniors A"]

1. e4 e5 2. Nf3 Nc6 3. d4 exd4 4. Nxd4 Nf6 5. Nxc6 bxc6 6. e5 Nd5 7. c4 Nb6 8.
Be2 Be7 9. O-O O-O 10. b3 d5 11. Bb2 Be6 12. f4 dxc4 13. bxc4 Qxd1 14. Rxd1
Bxc4 15. Bxc4 Nxc4 16. Bc3 Bc5+ 17. Bd4 Rfd8 0-1

[Event "Junior Online 4NCL Division 1"]
[Site "online"]
[Date "2020.10.15"]
[Round "5.134"]
[White "Jayawarna, Tarini"]
[Black "Patel, Sen"]
[Result "1/2-1/2"]
[WhiteElo "1660"]
[BlackElo "1615"]
[PlyCount "64"]
[EventDate "2020.10.15"]
[WhiteTeam "Manchester Juniors A"]
[BlackTeam "KCJS 1"]

1. e4 c6 2. d4 d5 3. Nc3 dxe4 4. Nxe4 Bf5 5. Ng3 Bg6 6. h4 h6 7. h5 Bh7 8. Nf3
Nf6 9. Bd3 Bxd3 10. Qxd3 e6 11. Bd2 c5 12. Qb5+ Qd7 13. Qxd7+ Nbxd7 14. O-O-O
cxd4 15. Nxd4 Bc5 16. Nb5 O-O 17. f3 a6 18. Nc3 Rac8 19. Nge4 Be7 20. g4 Nxe4
21. Nxe4 Nb6 22. f4 f5 23. Nc3 fxg4 24. Rdg1 Nc4 25. Rxg4 Nxd2 26. Kxd2 Rcd8+
27. Ke2 Rd4 28. Rhg1 Rf7 29. Ke3 Bc5 30. Ne4 Rxe4+ 31. Kxe4 Bxg1 32. Rxg1 Kf8
1/2-1/2